The political consequences of the reformation: studies in sixteenth-century political thought
Saved in:
| Hovedforfatter: | |
|---|---|
| Format: | Bog |
| Sprog: | engelsk |
| Udgivet: |
Nueva York
Russell & Russell
1960
|
| Fag: | |
| Tags: |
Tilføj Tag
Ingen Tags, Vær først til at tagge denne postø!
|
MARC
| LEADER | 00000nam a2200000 a 4500 | ||
|---|---|---|---|
| 001 | UCT7775 | ||
| 003 | CL-VaPUC | ||
| 005 | 20250103100351.0 | ||
| 008 | 970317e19600000US |||||||||||||||||eng|d | ||
| 999 | |c 256322 |d 256320 | ||
| 040 | |c Pontificia Universidad Católica de Valparaíso | ||
| 082 | 0 | 4 | |a 322.1 |b MUR |2 21 |
| 100 | |a Murray, Robert Henry |e author |9 378891 | ||
| 245 | 1 | 4 | |a The political consequences of the reformation: studies in sixteenth-century political thought |
| 260 | |a Nueva York |b Russell & Russell |c 1960 | ||
| 300 | |a 301 p | ||
| 583 | |a last modification |c 20160817 04:19:58 |k Rodrigo Vera | ||
| 600 | 0 | |a Maquiavelo, Nicolás |d 1469-1527 |9 255701 | |
| 600 | 0 | |a Calvino, Juan |9 346728 | |
| 600 | 0 | |a Lutero, Martín |d 1483-1546 |9 859309 | |
| 650 | 0 | |a Historia política |9 256974 | |
| 650 | 0 | |a Iglesia y Estado |9 254995 | |
| 650 | 0 | |a Iglesia Católica |9 256114 | |
| 650 | 0 | |a Soberanía |9 266726 | |
| 942 | |c BK |2 ddc | ||
| 945 | |d 19970317 00:00:00 |a paguirre | ||
| 952 | |0 0 |1 0 |4 0 |6 322_100000000000000_MUR_1960 |7 0 |8 A |9 278992 |a BIBDER |b BIBDER |d 2019-11-19 |i 1807595 |o 322.1 MUR 1960 |p 1807595 |r 2023-01-25 |w 2019-11-19 |y BK |k DER | ||